Landen die grenzen aan Brazilië - Statistieken

Algemene statistieken
  • Deze quiz is 91 keer genomen
  • De gemiddelde score is 9 van 10
Antwoordstatistieken
Lengte Land % Correct
2137 km Venezuela
99%
1263 km Argentinië
97%
1371 km Paraguay
97%
515 km Suriname
97%
1050 km Uruguay
97%
1790 km Colombia
96%
2659 km Peru
96%
3403 km Bolivia
94%
1308 km Guyana
90%
649 km Frankrijk
64%
Geen overeenkomende quizzen gevonden
Scoreverdeling
Procent van Mensen met Elke Score
Percentiel versus Aantal Correcte Antwoorden
Uw Scoregeschiedenis
U heeft deze quiz nog niet genomen